| 000 | 00622nam a2200229Ia 4500 | ||
|---|---|---|---|
| 003 | OSt | ||
| 005 | 20221007072941.0 | ||
| 006 | a|||||r|||| 00| 0 | ||
| 007 | ta | ||
| 008 | 221006b |||||||| |||| 00| 0 eng d | ||
| 024 | _a16,889 | ||
| 037 | _cTextual | ||
| 040 |
_aFLL _cFLL _beng |
||
| 041 |
_2eng _aeng |
||
| 082 | _aY1:B28, K3,1 | ||
| 100 |
_aMcPhee William N. _9134461 |
||
| 245 | 0 | _aFormal theories of mass behavior | |
| 260 |
_aLondon _bThe Free Press of Glencoe England _c1963 |
||
| 300 |
_a244p _ccm. |
||
| 942 |
_hY1:B28, K3,1 _cTEXL _2CC |
||
| 999 |
_c1147347 _d1147347 |
||